000 01092nam0a22002651 4500
001 rc\2803718
005 20250806210422.0
035 _a(NLR Aleph) 006929709
090 _a34909
_c34909
100 _a20110915d1944 u y0rusy50 ca
101 0 _arus
102 _aRU
105 _ay j |||||
200 1 _aБитва за Белоруссию
_eСтенограмма публичной лекции ген.-лейт. А. В. Сухомлина, прочит. 4 авг. 1944 г. в Октябрьск. зале Дома союзов в Москве
_fЛекционное бюро при Ком. по делам Высш. школы при СНК СССР
210 _aМосква
_cтип. газ. "Правда" им. Сталина
_d1944
215 _a18, [1] с.
_d22 см.
333 _aНа правах рукописи
700 1 _aСухомлин
_bА.В.
801 0 _aRU
_bNLR
_gpsbo
801 1 _aRU
_bELAR
_2rusmarc
852 _aNLR
_jВ10 Г-6/44
942 _cBOOK
945 _aРоссийская национальная библиотека
980 _aNB
980 _aBV